LIBRARY & INFORMATION CENTRE, KCAET, TAVANUR

ONLINE PUBLIC ACCESS CATALOGUE (OPAC)

Properties of matter / (Record no. 7514)

MARC details
000 -LEADER
fixed length control field 00458cam a2200193ua 4500
041 ## - LANGUAGE CODE
Language code of text/sound track or separate title eng
082 ## - DEWEY DECIMAL CLASSIFICATION NUMBER
Classification number 530.412
Item number LAL/PR
100 ## - MAIN ENTRY--AUTHOR NAME
Personal name Brij Lal, .
245 ## - TITLE STATEMENT
Title Properties of matter /
250 ## - EDITION STATEMENT
Edition statement 3 /
260 ## - PUBLICATION, DISTRIBUTION, ETC. (IMPRINT)
Place of publication New Delhi :
Name of publisher S.Chand and Co ,
Year of publication 1983.
300 ## - PHYSICAL DESCRIPTION
Number of Pages 442 ; .
700 1# - ADDED ENTRY--PERSONAL NAME
Personal name Subramanyam, N .
942 ## - ADDED ENTRY ELEMENTS (KOHA)
Koha item type Books
Holdings
Withdrawn status Lost status Damaged status Home library Current library Date acquired Full call number Accession Number Koha item type
      KAUAET KAUAET 01/09/1986 530.412 LAL/PR 15577 Books
free website counter